Derechos humanos en contexto en América Latina: el impacto del sistema interamericano de derechos humanos en los Estados partes. Colombia, Ecuador, Haití, México, Nicaragua, Perú, República Dominicana, Uruguay, Venezuela
Guardat en:
| Autor principal: | |
|---|---|
| Format: | Llibre |
| Idioma: | espanyol |
| Publicat: |
Ciudad de México
Tirant Lo Blanch
2016
|
| Edició: | 1a. ed |
| Col·lecció: | Justicia Interamericana, 4
|
| Matèries: | |
| Etiquetes: |
Afegir etiqueta
Sense etiquetes, Sigues el primer a etiquetar aquest registre!
|
MARC
| LEADER | 00000cam a2200000 a 4500 | ||
|---|---|---|---|
| 001 | UCC9154 | ||
| 003 | CL-VaPUC | ||
| 008 | 190906e20160000mx |||||||||||||||||spa|d | ||
| 020 | |a 9788490867754 | ||
| 082 | 0 | 4 | |a 341.481 |b BUR |2 21 |
| 100 | 0 | |a Burgorgue-Larsen, Laurence |e author |9 604047 | |
| 245 | 1 | 0 | |a Derechos humanos en contexto en América Latina: el impacto del sistema interamericano de derechos humanos en los Estados partes. Colombia, Ecuador, Haití, México, Nicaragua, Perú, República Dominicana, Uruguay, Venezuela |
| 250 | |a 1a. ed | ||
| 300 | |a v | ||
| 942 | |c BK | ||
| 945 | |d 20190906 13:31:00 |a dcastane | ||
| 260 | |a Ciudad de México |b Tirant Lo Blanch |c 2016 | ||
| 650 | 0 | |a Derechos humanos |9 223025 | |
| 650 | 0 | |a Derecho internacional |9 255637 | |
| 583 | |a last modification |c 20190906 13:31:00 |k Rodrigo Vera | ||
| 490 | 0 | |a Justicia Interamericana, 4 | |
| 999 | |c 375348 |d 375346 | ||
| 952 | |0 0 |1 0 |3 erb |4 0 |6 341_481000000000000_BUR_2016 |7 0 |8 WP_COW |9 561297 |a BIBDER |b BIBDER |e Fundación W and P Cowley |h v.1 |i 5599172 |o 341.481 BUR 2016 |p 5599172 |r 2023-01-25 |w 2020-03-12 |y BK |z Catalogado en:20190906 |k WPC | ||